书目信息 |
| 题名: |
高级多媒体程序设计
|
|
| 作者: | [美]Steve Rimmer 著 ;杨士强 译 | |
| 分册: | ||
| 出版信息: | 北京 电子工业出版社 1995.10 |
|
| 页数: | 346页 | |
| 开本: | 16开 | |
| 丛书名: | ||
| 单 册: | ||
| 中图分类: | TP391 | |
| 科图分类: | ||
| 主题词: | 计算机应用 | |
| 电子资源: | ||
| ISBN: | 7-5053-3347-X | |
| 000 | 00644nam0 2200205 45 | |
| 001 | 0003290917 | |
| 005 | 20000329092135.3 | |
| 010 | @a7-5053-3347-X@d68.00元(含CD-ROM盘) | |
| 100 | @a20000329d1995 km y0chiy0120 ea | |
| 101 | @achi | |
| 105 | @a z 000yy | |
| 200 | 1 | @a高级多媒体程序设计@AGao Ji Duo Mei Ti Cheng Xu SheJi@f[美]Steve Rimmer著@F[Mei]Steve Rimmer Zhu@g杨士强等译 |
| 210 | @a北京@c电子工业出版社@d1995.10 | |
| 215 | @a346页@d16开 | |
| 606 | 0 | @a计算机应用 |
| 690 | @aTP391@v3 | |
| 701 | @a[美]Steve Rimmer@4著 | |
| 702 | 0 | @a杨士强@AYang Shi Qiang@4译 |
| 801 | @aCN@bPftUser@c20000329 | |
| 905 | @f3@b51756-758@dTP391@eY691 | |
| 高级多媒体程序设计/[美]Steve Rimmer著/杨士强等译.-北京:电子工业出版社,1995.10 |
| 346页;16开 |
| ISBN 7-5053-3347-X:68.00元(含CD-ROM盘) |
| ● |
| 相关链接 |
|
|
|
正题名:高级多媒体程序设计
索取号:TP391/Y691
 
预约/预借
| 序号 | 登录号 | 条形码 | 馆藏地/架位号 | 状态 | 备注 |
| 1 | 51756 | 200517565 | 期刊室512/301自科库 60排3列5层/ [索取号:TP391/Y691] | 在馆 | |
| 2 | 51757 | 200517574 | 自科二线504/504自科库 6排1列5层/ [索取号:TP391/Y691] | 在馆 | |
| 3 | 51758 | 200517583 | 自科二线504/504自科库 6排1列5层/ [索取号:TP391/Y691] | 在馆 |